000
00309nam a22001217a 4500
082
_a
629.25 ANS'W
100
_a
ANSDALE, R. F,LOCKEY, D. J
_9
78301
245
_a
THE WANKEL RC ENGINE DESIGN AND PERFORMANCE
260
_a
LONDON
_b
LIFE BOOKS
_c
1968
300
_a
158P
650
_a
ACC NO-
_9
10453
942
_c
BK
999
_c
583444
_d
583444